000 00934nmm a2200289 a 4500
003 AR-BaBNM
005 20251128211121.0
008 072120s2000 ||||||||||||||000 | spa||
020 _a970-686-002-9
040 _cAR-BaBNM
100 1 _aBabbie, Earl
245 1 0 _aFundamentos de la investigación social
260 _aMéxico, D.F.
_bInternational Thompson Editores
_c2000
300 0 _a473 p.
_bil., tablas
500 1 _aContiene: ejercicios y lecturas complementarias, Glosario en p. 452 e índice en p. 461
504 _aBibliografía en p. 439
650 4 _aINVESTIGACION EN CIENCIAS SOCIALES
650 4 _aMETODOS ESTADISTICOS
650 4 _aTECNICAS DE INVESTIGACION
650 4 _aCAUSALIDAD
650 4 _aETICA PROFESIONAL
650 4 _aFORMACION CIENTIFICA
650 4 _aMETODOLOGIA DE LA INVESTIGACION
700 1 _aDávila Martínez, José Francisco Javier
_etraductor
942 _cBK
998 _cAlicia
999 _c18305
_d18305